000 00799nam a22002417a 4500
005 20240530110857.0
008 181226s2002 ua ac f b 000 0dara d
017 _a2002/17366
_bمصر. دار الكتب
020 _a9770439282
040 _aEG-CaGPL
_cEG-CaGPL
082 0 4 _221
_a726.2\
_bم م
100 0 _aماجدة سعد الدين
245 1 0 _aالمساجد مدائن التوحيد /
_cماجدة سعد الدين
250 _aط.1
260 _aالقاهرة :
_bدار النهضة العربية،
_c2002
300 _a209 ص. :
_bايض ؛
_c24 سم.
504 _aيشتمل على ارجاعات ببليوجرافية
650 0 7 _2qrmak
_aالمساجد
650 0 7 _aالمساجد
_xتاريخ
651 _2qrmak
942 _2ddc
_cBK
999 _c66056
_d66056